Statistics for 10 Biggest Cities in each Georgia

Click here to take the quiz!

General Stats

  • This quiz has been taken 113 times
  • The average score is 8 of 20

Answer Stats

Country / StatePopulationCity% Correct
Country1,140,700Tbilisi
93%
State498,044Atlanta
91%
State145,862Savannah
78%
State196,939Augusta
64%
State153,095Macon
60%
State125,964Athens
58%
State194,160Columbus
56%
Country166,000Batumi
53%
Country138,200Kutaisi
33%
State108,797Sandy Springs
32%
Country46,000Gori
27%
State94,650Roswell
26%
Country65,439Sukhumi
24%
State97,277South Fulton
22%
State84,310John's Creek
20%
Country41,600Poti
20%
Country128,300Rustavi
18%
Country42,000Zugdidi
18%
Country30,000Tskhinvali
12%
Country25,200Khashuri
8%

Score Distribution

Percentile by Number Answered

Percent of People with Each Score

Your Score History

You have not taken this quiz